000
002570000a22000970004500
100
1
_a
Hesselgrave, David J.
245
1
0
_a
Ten major trends in world missions
300
_a
Vol. 15, Núm 52 (1988), Páginas 12-14
773
0
_t
World Evangelization
942
_c
ANA
999
_c
58083
_d
58083